[Event "World Chess Olympiad 2018"]
[Site "Batumi"]
[Date "2018.10.03"]
[Round "9"]
[Board "2"]
[WhiteFideId "9400249"]
[White "Al-Zendani Zendan"]
[BlackFideId "13203088"]
[Black "Kwon Sehyun"]
[Result "0-1"]
[LiveChessVersion "1.4.8"]
[BlackElo "2129"]
[WhiteElo "2301"]

1. e4 {[%clk 1:30:51]} c6 {[%clk 1:30:51]} 2. Nc3 {[%clk 1:29:45]} d5
{[%clk 1:31:05]} 3. Nf3 {[%clk 1:29:51]} Nf6 {[%clk 1:31:26]} 4. e5
{[%clk 1:24:11]} Ne4 {[%clk 1:31:49]} 5. Qe2 {[%clk 1:19:55]} Nxc3
{[%clk 1:28:44]} 6. dxc3 {[%clk 1:19:33]} Bg4 {[%clk 1:21:46]} 7. h3
{[%clk 1:17:51]} Bxf3 {[%clk 1:21:13]} 8. Qxf3 {[%clk 1:17:33]} e6
{[%clk 1:16:45]} 9. Bf4 {[%clk 1:08:55]} Nd7 {[%clk 1:10:05]} 10. O-O-O
{[%clk 1:05:09]} Qa5 {[%clk 1:08:56]} 11. Kb1 {[%clk 1:05:27]} b5
{[%clk 1:08:19]} 12. g4 {[%clk 1:00:33]} Rb8 {[%clk 0:57:52]} 13. Qg3
{[%clk 0:39:49]} Rb6 {[%clk 0:51:31]} 14. Bc1 {[%clk 0:39:34]} b4
{[%clk 0:37:22]} 15. cxb4 {[%clk 0:29:12]} Bxb4 {[%clk 0:36:51]} 16. h4
{[%clk 0:27:06]} Nc5 {[%clk 0:24:12]} 17. Rh3 {[%clk 0:19:39]} Ne4
{[%clk 0:20:40]} 18. Qf4 {[%clk 0:20:08]} Nc3+ {[%clk 0:19:51]} 19. Rxc3
{[%clk 0:20:36]} Bxc3 {[%clk 0:20:10]} 20. Rd3 {[%clk 0:17:32]} O-O
{[%clk 0:17:50]} 21. g5 {[%clk 0:10:44]} Rb4 {[%clk 0:06:03]} 22. Qg3
{[%clk 0:10:00]} Bxb2 {[%clk 0:05:18]} 23. Bxb2 {[%clk 0:10:21]} Rfb8
{[%clk 0:05:42]} 24. Rb3 {[%clk 0:09:38]} Rxb3 {[%clk 0:06:05]} 25. axb3
{[%clk 0:10:07]} Qe1+ {[%clk 0:06:23]} 26. Bc1 {[%clk 0:10:17]} Qxf1
{[%clk 0:06:41]} 27. h5 {[%clk 0:10:42]} Qh1 {[%clk 0:05:43]} 28. h6
{[%clk 0:10:42]} Qe4 {[%clk 0:05:47]} 29. hxg7 {[%clk 0:07:20]} a5
{[%clk 0:05:53]} 30. g6 {[%clk 0:04:58]} Qxg6 {[%clk 0:05:43]} 31. Qc3
{[%clk 0:04:22]} a4 {[%clk 0:05:32]} 32. Kb2 {[%clk 0:04:20]} axb3
{[%clk 0:05:27]} 33. cxb3 {[%clk 0:04:44]} Qe4 {[%clk 0:05:02]} 34. Qxc6
{[%clk 0:03:35]} Qxe5+ {[%clk 0:04:43]} 35. Ka2 {[%clk 0:03:27]} Qe2+
{[%clk 0:04:35]} 36. Bb2 {[%clk 0:03:24]} Qxf2 {[%clk 0:04:21]} 37. b4
{[%clk 0:01:39]} Qe2 {[%clk 0:01:44]} 38. Kb3 {[%clk 0:01:27]} Qd3+
{[%clk 0:01:12]} 39. Ka4 {[%clk 0:01:26]} Qb1 {[%clk 0:01:27]} 40. Ba3
{[%clk 0:31:18]} Qd1+ {[%clk 0:31:27]} 41. Ka5 {[%clk 0:31:07]} Qb3
{[%clk 0:31:40]} 0-1

[Event "World Chess Olympiad 2018"]
[Site "Batumi"]
[Date "2018.10.03"]
[Round "9"]
[Board "3"]
[WhiteFideId "410969"]
[White "Walker Martin G"]
[BlackFideId "9400176"]
[Black "Al Badani Abdu"]
[Result "1-0"]
[LiveChessVersion "1.4.8"]
[BlackElo "2195"]
[WhiteElo "2078"]

1. e4 {[%clk 1:30:54]} e6 {[%clk 1:30:43]} 2. d4 {[%clk 1:31:17]} d5
{[%clk 1:31:01]} 3. Nd2 {[%clk 1:31:41]} Nf6 {[%clk 1:31:12]} 4. e5
{[%clk 1:32:04]} Nfd7 {[%clk 1:31:35]} 5. Bd3 {[%clk 1:32:28]} c5
{[%clk 1:31:51]} 6. c3 {[%clk 1:32:52]} Nc6 {[%clk 1:32:15]} 7. Ne2
{[%clk 1:33:16]} Qb6 {[%clk 1:25:06]} 8. O-O {[%clk 1:31:12]} Be7
{[%clk 1:25:00]} 9. Nf3 {[%clk 1:30:27]} cxd4 {[%clk 1:25:13]} 10. cxd4
{[%clk 1:30:51]} Nf8 {[%clk 1:14:58]} 11. b3 {[%clk 1:20:02]} h6 {[%clk 1:00:50]}
12. Re1 {[%clk 0:59:34]} Bd7 {[%clk 1:00:51]} 13. a3 {[%clk 0:57:29]} g5
{[%clk 0:57:16]} 14. h3 {[%clk 0:57:52]} O-O-O {[%clk 0:51:56]} 15. Be3
{[%clk 0:55:00]} Kb8 {[%clk 0:41:56]} 16. b4 {[%clk 0:51:21]} Rc8
{[%clk 0:40:36]} 17. Qd2 {[%clk 0:46:37]} Rg8 {[%clk 0:31:40]} 18. Reb1
{[%clk 0:41:08]} Ng6 {[%clk 0:28:08]} 19. Nc3 {[%clk 0:35:45]} Nd8
{[%clk 0:23:06]} 20. a4 {[%clk 0:18:30]} Bxb4 {[%clk 0:22:31]} 21. Nxd5
{[%clk 0:16:00]} exd5 {[%clk 0:20:30]} 22. Rxb4 {[%clk 0:16:24]} Qc7
{[%clk 0:20:06]} 23. Rab1 {[%clk 0:10:42]} Ka8 {[%clk 0:20:01]} 24. Qb2
{[%clk 0:10:23]} Nf4 {[%clk 0:19:41]} 25. Bf1 {[%clk 0:09:43]} Bf5
{[%clk 0:14:43]} 26. Rc1 {[%clk 0:08:34]} Qd7 {[%clk 0:09:09]} 27. Bxf4
{[%clk 0:08:21]} gxf4 {[%clk 0:09:29]} 28. Kh2 {[%clk 0:08:48]} Nc6
{[%clk 0:02:57]} 29. Rb5 {[%clk 0:06:50]} Be4 {[%clk 0:02:23]} 30. Ne1
{[%clk 0:05:31]} Rg6 {[%clk 0:00:42]} 31. f3 {[%clk 0:05:51]} Bf5
{[%clk 0:00:37]} 32. Qd2 {[%clk 0:04:55]} f6 {[%clk 0:00:44]} 33. Qxf4
{[%clk 0:03:48]} fxe5 {[%clk 0:00:52]} 34. dxe5 {[%clk 0:04:13]} Rcg8
{[%clk 0:01:11]} 35. Rb2 {[%clk 0:03:12]} h5 {[%clk 0:01:17]} 36. Bd3
{[%clk 0:02:58]} Bxd3 {[%clk 0:01:21]} 37. Nxd3 {[%clk 0:03:23]} Qg7
{[%clk 0:01:46]} 38. Rcc2 {[%clk 0:02:32]} a6 {[%clk 0:00:43]} 39. Re2
{[%clk 0:02:40]} Rg3 {[%clk 0:00:34]} 40. Ra2 {[%clk 0:31:03]} Nd4
{[%clk 0:30:36]} 41. Qxd4 {[%clk 0:28:06]} Rxh3+ {[%clk 0:30:55]} 42. Kg1
{[%clk 0:28:33]} Qg3 {[%clk 0:31:05]} 43. Qf4 {[%clk 0:28:40]} Qg6
{[%clk 0:30:51]} 44. Rad2 {[%clk 0:28:10]} Qb6+ {[%clk 0:30:36]} 45. Qe3
{[%clk 0:26:30]} d4 {[%clk 0:30:50]} 46. Qf2 {[%clk 0:25:46]} h4 {[%clk 0:30:41]}
47. Nf4 {[%clk 0:24:23]} Rhg3 {[%clk 0:30:56]} 48. Qxd4 {[%clk 0:23:31]} Qh6
{[%clk 0:29:23]} 49. e6 {[%clk 0:22:43]} h3 {[%clk 0:27:25]} 50. e7
{[%clk 0:22:54]} Qc6 {[%clk 0:27:05]} 51. Qd8+ {[%clk 0:20:25]} Ka7
{[%clk 0:27:24]} 52. e8=Q {[%clk 0:20:20]} h2+ {[%clk 0:26:19]} 53. Kh1
{[%clk 0:18:28]} 1-0

[Event "World Chess Olympiad 2018"]
[Site "Batumi"]
[Date "2018.10.03"]
[Round "9"]
[Board "4"]
[WhiteFideId "9400338"]
[White "Al-Aqrabi Saleh"]
[BlackFideId "13200518"]
[Black "Kim Saebyeok"]
[Result "1/2-1/2"]
[LiveChessVersion "1.4.8"]
[BlackElo "1999"]
[WhiteElo "2158"]

1. d4 {[%clk 1:30:58]} Nf6 {[%clk 1:30:54]} 2. c4 {[%clk 1:31:22]} c5
{[%clk 1:31:21]} 3. Nf3 {[%clk 1:31:18]} cxd4 {[%clk 1:31:40]} 4. Nxd4
{[%clk 1:31:27]} g6 {[%clk 1:32:02]} 5. Nc3 {[%clk 1:31:42]} Nc6 {[%clk 1:32:26]}
6. e4 {[%clk 1:31:42]} d6 {[%clk 1:32:40]} 7. Be2 {[%clk 1:32:10]} Nxd4
{[%clk 1:32:47]} 8. Qxd4 {[%clk 1:32:23]} Bg7 {[%clk 1:33:13]} 9. Be3
{[%clk 1:31:50]} O-O {[%clk 1:31:34]} 10. Qd2 {[%clk 1:32:11]} Be6
{[%clk 1:31:15]} 11. Rc1 {[%clk 1:32:24]} Qa5 {[%clk 1:31:02]} 12. O-O
{[%clk 1:31:58]} Rfc8 {[%clk 1:31:13]} 13. b3 {[%clk 1:32:24]} a6
{[%clk 1:31:16]} 14. f3 {[%clk 1:31:58]} b5 {[%clk 1:31:22]} 15. Nd5
{[%clk 1:31:05]} Qxd2 {[%clk 1:31:36]} 16. Bxd2 {[%clk 1:30:23]} Nxd5
{[%clk 1:31:28]} 17. cxd5 {[%clk 1:30:17]} Bd4+ {[%clk 1:30:18]} 18. Kh1
{[%clk 1:30:44]} Bd7 {[%clk 1:30:39]} 19. Rxc8+ {[%clk 1:30:50]} Rxc8
{[%clk 1:30:51]} 20. Rc1 {[%clk 1:31:20]} Rxc1+ {[%clk 1:31:10]} 21. Bxc1
{[%clk 1:31:43]} Kf8 {[%clk 1:30:54]} 22. Bd2 {[%clk 1:31:38]} e6
{[%clk 1:31:09]} 23. g4 {[%clk 1:29:52]} exd5 {[%clk 1:29:55]} 24. exd5
{[%clk 1:30:11]} Ke7 {[%clk 1:23:03]} 25. Kg2 {[%clk 1:21:12]} f5
{[%clk 1:15:33]} 26. gxf5 {[%clk 1:12:47]} Bxf5 {[%clk 1:14:21]} 27. a4
{[%clk 1:12:50]} Bd7 {[%clk 1:12:37]} 28. axb5 {[%clk 1:12:53]} Bxb5
{[%clk 1:12:48]} 29. Bxb5 {[%clk 1:12:04]} axb5 {[%clk 1:13:12]} 30. f4
{[%clk 1:11:08]} Bc5 {[%clk 1:11:28]} 31. Bc3 {[%clk 1:09:17]} Be3
{[%clk 1:09:23]} 32. Kf3 {[%clk 1:09:03]} Bg1 {[%clk 1:09:36]} 33. h3
{[%clk 1:09:07]} Bc5 {[%clk 1:06:42]} 34. Ke4 {[%clk 1:08:42]} Kf7
{[%clk 1:05:15]} 35. Kf3 {[%clk 1:01:41]} Ba3 {[%clk 0:56:04]} 36. Kg4
{[%clk 0:57:27]} Bc5 {[%clk 0:55:29]} 37. f5 {[%clk 0:54:11]} Be3
{[%clk 0:33:16]} 38. Kf3 {[%clk 0:53:34]} Bc5 {[%clk 0:33:03]} 39. Ke4
{[%clk 0:49:30]} Bb6 {[%clk 0:31:01]} 40. fxg6+ {[%clk 1:16:58]} Kxg6
{[%clk 0:57:16]} 41. Bb4 {[%clk 1:17:14]} Bc7 {[%clk 0:56:29]} 42. Kf4
{[%clk 1:17:26]} Kf6 {[%clk 0:54:50]} 43. Ba3 {[%clk 1:16:58]} Kg6
{[%clk 0:54:04]} 44. Bb4 {[%clk 1:11:47]} Kf6 {[%clk 0:54:23]} 45. h4
{[%clk 1:06:40]} h5 {[%clk 0:54:19]} 46. Ke4 {[%clk 1:06:26]} Kg6
{[%clk 0:54:19]} 47. Ba3 {[%clk 1:04:47]} Kf6 {[%clk 0:52:55]} 48. Bc1
{[%clk 0:59:38]} Bb6 {[%clk 0:51:41]} 49. Bg5+ {[%clk 0:59:32]} Kg6
{[%clk 0:51:46]} 50. b4 {[%clk 0:59:30]} Bc7 {[%clk 0:51:37]} 51. Kf4
{[%clk 0:57:35]} Bb6 {[%clk 0:51:17]} 52. Be7 {[%clk 0:57:11]} Bc7
{[%clk 0:51:41]} 53. Ke4 {[%clk 0:56:19]} Bb8 {[%clk 0:52:02]} 54. Bd8
{[%clk 0:56:38]} Ba7 {[%clk 0:42:32]} 55. Bc7 {[%clk 0:56:30]} Bf2
{[%clk 0:42:25]} 56. Bxd6 {[%clk 0:56:33]} Bxh4 {[%clk 0:42:47]} 57. Bc5
{[%clk 0:54:38]} Kf7 {[%clk 0:42:57]} 58. Kf5 {[%clk 0:53:26]} Bd8
{[%clk 0:36:46]} 59. Ke5 {[%clk 0:50:30]} h4 {[%clk 0:36:13]} 60. d6
{[%clk 0:50:41]} h3 {[%clk 0:32:53]} 61. Bg1 {[%clk 0:49:12]} Bh4
{[%clk 0:27:00]} 62. Kd5 {[%clk 0:46:53]} Bg3 {[%clk 0:26:23]} 63. d7
{[%clk 0:45:31]} Ke7 {[%clk 0:24:26]} 64. Kc6 {[%clk 0:45:53]} h2
{[%clk 0:24:44]} 65. Bc5+ {[%clk 0:46:15]} Ke6 {[%clk 0:22:15]} 66. d8=Q
{[%clk 0:45:36]} h1=Q+ {[%clk 0:22:37]} 67. Kxb5 {[%clk 0:45:19]} Qb7+
{[%clk 0:15:22]} 68. Kc4 {[%clk 0:40:27]} Qe4+ {[%clk 0:12:52]} 69. Bd4
{[%clk 0:39:21]} Qc6+ {[%clk 0:13:06]} 70. Kd3 {[%clk 0:37:29]} Qf3+
{[%clk 0:11:27]} 71. Kc2 {[%clk 0:36:24]} Qe2+ {[%clk 0:10:59]} 72. Kb3
{[%clk 0:35:33]} Qd3+ {[%clk 0:08:48]} 73. Kb2 {[%clk 0:34:18]} Qd2+
{[%clk 0:07:32]} 74. Ka3 {[%clk 0:33:16]} Qd3+ {[%clk 0:07:52]} 75. Ka4
{[%clk 0:33:05]} Qa6+ {[%clk 0:08:08]} 76. Qa5 {[%clk 0:33:12]} Qxa5+
{[%clk 0:06:32]} 77. bxa5 {[%clk 0:33:10]} Kd7 {[%clk 0:06:04]} 78. a6
{[%clk 0:32:41]} Kc7 {[%clk 0:06:21]} 79. Ba7 {[%clk 0:32:57]} Be1
{[%clk 0:05:19]} 80. Kb5 {[%clk 0:33:20]} Bg3 {[%clk 0:04:26]} 81. Kb4
{[%clk 0:33:20]} Be5 {[%clk 0:04:21]} 82. Kc5 {[%clk 0:33:39]} Bd6+
{[%clk 0:04:34]} 83. Kd5 {[%clk 0:33:58]} Bb4 {[%clk 0:04:24]} 84. Kc4
{[%clk 0:34:12]} Be1 {[%clk 0:04:43]} 85. Kb5 {[%clk 0:34:22]} Bd2
{[%clk 0:04:59]} 86. Bf2 {[%clk 0:34:40]} Kb8 {[%clk 0:05:14]} 87. Kb6
{[%clk 0:35:00]} 1/2-1/2

[Event "World Chess Olympiad 2018"]
[Site "Batumi"]
[Date "2018.10.03"]
[Round "9"]
[Board "2"]
[WhiteFideId "3702308"]
[White "Vazquez Guillermo"]
[BlackFideId "4801040"]
[Black "Al-Saffar Araz Basim Mohammed S"]
[Result "1/2-1/2"]
[LiveChessVersion "1.4.8"]
[BlackElo "2400"]
[WhiteElo "2468"]

1. d4 {[%clk 1:30:46]} Nf6 {[%clk 1:30:45]} 2. c4 {[%clk 1:31:02]} e6
{[%clk 1:30:57]} 3. Nc3 {[%clk 1:30:21]} Bb4 {[%clk 1:31:20]} 4. Qc2
{[%clk 1:30:27]} O-O {[%clk 1:31:38]} 5. a3 {[%clk 1:28:38]} Bxc3+
{[%clk 1:32:00]} 6. Qxc3 {[%clk 1:29:06]} b5 {[%clk 1:32:11]} 7. cxb5
{[%clk 1:27:22]} c6 {[%clk 1:32:35]} 8. Bg5 {[%clk 1:27:46]} cxb5
{[%clk 1:32:18]} 9. Nf3 {[%clk 1:18:29]} Bb7 {[%clk 1:31:34]} 10. e3
{[%clk 1:16:36]} a6 {[%clk 1:31:55]} 11. Be2 {[%clk 1:15:16]} Nc6
{[%clk 1:30:22]} 12. Qd3 {[%clk 1:09:08]} Na5 {[%clk 1:25:03]} 13. O-O
{[%clk 1:09:01]} h6 {[%clk 1:17:14]} 14. Bh4 {[%clk 1:06:32]} g5 {[%clk 1:07:51]}
15. Bg3 {[%clk 1:05:21]} Ne4 {[%clk 1:03:29]} 16. Rfc1 {[%clk 0:48:23]} d6
{[%clk 0:57:43]} 17. Bd1 {[%clk 0:46:35]} f5 {[%clk 0:50:55]} 18. Nd2
{[%clk 0:43:24]} Bd5 {[%clk 0:44:27]} 19. Nxe4 {[%clk 0:40:16]} Bxe4
{[%clk 0:39:15]} 20. Qe2 {[%clk 0:40:06]} Ra7 {[%clk 0:39:15]} 21. f3
{[%clk 0:36:21]} Bd5 {[%clk 0:39:18]} 22. Rc3 {[%clk 0:35:00]} f4
{[%clk 0:22:30]} 23. Bf2 {[%clk 0:35:15]} fxe3 {[%clk 0:21:28]} 24. Bxe3
{[%clk 0:33:07]} Nc4 {[%clk 0:21:40]} 25. Bb3 {[%clk 0:29:58]} Qf6
{[%clk 0:18:01]} 26. Re1 {[%clk 0:26:39]} Rg7 {[%clk 0:17:56]} 27. Bf2
{[%clk 0:23:28]} Qf4 {[%clk 0:16:59]} 28. Be3 {[%clk 0:21:10]} Qh4
{[%clk 0:16:07]} 29. Bf2 {[%clk 0:20:34]} Qf4 {[%clk 0:15:08]} 30. Rd1
{[%clk 0:18:00]} g4 {[%clk 0:13:27]} 31. fxg4 {[%clk 0:18:21]} Qxg4
{[%clk 0:13:48]} 32. Qxg4 {[%clk 0:18:16]} Rxg4 {[%clk 0:14:13]} 33. Rg3
{[%clk 0:14:31]} Rxg3 {[%clk 0:14:01]} 34. Bxg3 {[%clk 0:15:00]} Nxb2
{[%clk 0:12:55]} 35. Rb1 {[%clk 0:15:15]} Nc4 {[%clk 0:11:36]} 36. Bxc4
{[%clk 0:15:31]} bxc4 {[%clk 0:11:57]} 37. Bxd6 {[%clk 0:15:51]} Rf7
{[%clk 0:09:51]} 38. Rf1 {[%clk 0:12:03]} Rb7 {[%clk 0:08:45]} 39. Bb4
{[%clk 0:12:09]} Rb5 {[%clk 0:07:19]} 40. Rf2 {[%clk 0:39:26]} a5
{[%clk 0:37:41]} 41. Bc3 {[%clk 0:39:49]} Be4 {[%clk 0:34:50]} 42. Rb2
{[%clk 0:40:00]} Rb3 {[%clk 0:33:33]} 43. Rxb3 {[%clk 0:40:21]} cxb3
{[%clk 0:33:57]} 44. Kf2 {[%clk 0:40:30]} a4 {[%clk 0:33:55]} 45. g3
{[%clk 0:36:23]} Kf7 {[%clk 0:28:26]} 46. Ke3 {[%clk 0:36:36]} Bd5 1/2-1/2

[Event "World Chess Olympiad 2018"]
[Site "Batumi"]
[Date "2018.10.03"]
[Round "9"]
[Board "3"]
[WhiteFideId "4801849"]
[White "Abdulwahhab Ahmed Abdulsattar A"]
[BlackFideId "2209381"]
[Black "Franco Ocampos Zenon"]
[Result "1/2-1/2"]
[LiveChessVersion "1.4.8"]
[BlackElo "2486"]
[WhiteElo "2271"]

1. e4 {[%clk 1:30:53]} c5 {[%clk 1:30:57]} 2. Nf3 {[%clk 1:31:09]} Nc6
{[%clk 1:31:23]} 3. d4 {[%clk 1:31:10]} cxd4 {[%clk 1:31:49]} 4. Nxd4
{[%clk 1:31:32]} e6 {[%clk 1:31:35]} 5. Nc3 {[%clk 1:30:55]} Qc7 {[%clk 1:31:48]}
6. Be3 {[%clk 1:29:58]} a6 {[%clk 1:32:12]} 7. Bd3 {[%clk 1:28:57]} b5
{[%clk 1:32:26]} 8. Nxc6 {[%clk 1:26:47]} Qxc6 {[%clk 1:32:20]} 9. a4
{[%clk 1:22:39]} b4 {[%clk 1:30:40]} 10. Nb1 {[%clk 1:19:44]} Bb7
{[%clk 1:29:06]} 11. Nd2 {[%clk 1:19:54]} Nf6 {[%clk 1:25:44]} 12. Qe2
{[%clk 1:14:59]} Be7 {[%clk 1:19:25]} 13. f3 {[%clk 1:13:26]} d5 {[%clk 1:12:58]}
14. O-O {[%clk 1:09:46]} e5 {[%clk 1:04:55]} 15. Nb3 {[%clk 1:04:17]} O-O
{[%clk 0:46:32]} 16. Na5 {[%clk 1:01:06]} Qc7 {[%clk 0:46:58]} 17. Nxb7
{[%clk 1:01:25]} Qxb7 {[%clk 0:47:26]} 18. Bg5 {[%clk 0:55:32]} dxe4
{[%clk 0:45:54]} 19. fxe4 {[%clk 0:55:40]} Ne8 {[%clk 0:43:41]} 20. Bd2
{[%clk 0:50:24]} Bc5+ {[%clk 0:36:01]} 21. Kh1 {[%clk 0:48:42]} Nd6
{[%clk 0:36:27]} 22. b3 {[%clk 0:43:03]} a5 {[%clk 0:35:07]} 23. Rf3
{[%clk 0:39:46]} Bd4 {[%clk 0:31:24]} 24. Raf1 {[%clk 0:39:39]} f6
{[%clk 0:31:29]} 25. Rh3 {[%clk 0:38:22]} Rae8 {[%clk 0:25:51]} 26. Rff3
{[%clk 0:35:18]} Rf7 {[%clk 0:21:26]} 27. Rfg3 {[%clk 0:33:50]} g6
{[%clk 0:20:13]} 28. Qg4 {[%clk 0:21:50]} Kf8 {[%clk 0:18:45]} 29. Rf3
{[%clk 0:21:42]} Qc8 {[%clk 0:17:51]} 30. Qh4 {[%clk 0:20:12]} Qe6
{[%clk 0:18:19]} 31. Rf1 {[%clk 0:19:09]} Ke7 {[%clk 0:16:39]} 32. Rhf3
{[%clk 0:18:07]} g5 {[%clk 0:15:46]} 33. Qh6 {[%clk 0:15:19]} Rg8
{[%clk 0:16:12]} 34. h3 {[%clk 0:12:24]} Rg6 {[%clk 0:16:14]} 35. Qh5
{[%clk 0:12:46]} g4 {[%clk 0:14:14]} 36. Rg3 {[%clk 0:09:51]} gxh3
{[%clk 0:12:59]} 37. Rxg6 {[%clk 0:09:24]} hxg6 {[%clk 0:13:27]} 38. Qxg6
{[%clk 0:09:42]} hxg2+ {[%clk 0:12:34]} 39. Kxg2 {[%clk 0:10:04]} Kd7
{[%clk 0:09:09]} 40. Rf3 {[%clk 0:39:43]} Qe7 {[%clk 0:38:21]} 41. Rg3
{[%clk 0:36:17]} Kc7 {[%clk 0:38:26]} 42. Bh6 {[%clk 0:35:35]} f5
{[%clk 0:37:51]} 43. Bg5 {[%clk 0:33:22]} Qd7 {[%clk 0:35:52]} 44. exf5
{[%clk 0:28:16]} e4 {[%clk 0:29:33]} 45. Bf4 {[%clk 0:25:12]} exd3
{[%clk 0:21:21]} 46. Bxd6+ {[%clk 0:25:12]} Kb7 {[%clk 0:21:48]} 47. Rxd3
{[%clk 0:19:07]} Rg7 {[%clk 0:20:43]} 48. Rxd4 {[%clk 0:19:19]} Rxg6+
{[%clk 0:21:11]} 49. fxg6 {[%clk 0:19:39]} Qc6+ {[%clk 0:19:34]} 50. Kh3
{[%clk 0:18:21]} Qh1+ {[%clk 0:16:08]} 51. Bh2 {[%clk 0:18:38]} Qf1+
{[%clk 0:16:12]} 52. Kg4 {[%clk 0:12:04]} Qe2+ {[%clk 0:16:11]} 53. Kf5
{[%clk 0:10:01]} Qxh2 {[%clk 0:14:54]} 54. Rc4 {[%clk 0:09:08]} Qh6
{[%clk 0:14:33]} 55. Kf6 {[%clk 0:09:23]} Qf8+ {[%clk 0:14:26]} 56. Kg5
{[%clk 0:09:22]} Qd8+ {[%clk 0:12:42]} 1/2-1/2

[Event "World Chess Olympiad 2018"]
[Site "Batumi"]
[Date "2018.10.03"]
[Round "9"]
[Board "4"]
[WhiteFideId "3701166"]
[White "Almiron Antonio"]
[BlackFideId "4801695"]
[Black "Muhseen ABdullah Mohammed"]
[Result "1/2-1/2"]
[LiveChessVersion "1.4.8"]
[BlackElo "2220"]
[WhiteElo "2358"]

1. d4 {[%clk 1:30:58]} Nf6 {[%clk 1:29:47]} 2. c4 {[%clk 1:31:23]} e6
{[%clk 1:30:08]} 3. Nf3 {[%clk 1:31:47]} d5 {[%clk 1:27:57]} 4. g3
{[%clk 1:32:10]} dxc4 {[%clk 1:28:15]} 5. Bg2 {[%clk 1:32:25]} a6
{[%clk 1:25:52]} 6. O-O {[%clk 1:25:42]} Nc6 {[%clk 1:19:17]} 7. e3
{[%clk 1:14:36]} Nd5 {[%clk 1:14:27]} 8. Qe2 {[%clk 0:59:22]} Nb6
{[%clk 1:11:51]} 9. Nbd2 {[%clk 0:52:49]} Bd7 {[%clk 1:10:30]} 10. Nxc4
{[%clk 0:52:08]} Nxc4 {[%clk 1:10:26]} 11. Qxc4 {[%clk 0:52:34]} Bd6
{[%clk 1:09:57]} 12. b3 {[%clk 0:45:29]} O-O {[%clk 1:06:53]} 13. Bb2
{[%clk 0:45:54]} Nb4 {[%clk 1:07:16]} 14. Rfd1 {[%clk 0:46:09]} Bc6
{[%clk 0:59:03]} 15. a3 {[%clk 0:45:30]} Bb5 16. Qc3 {[%clk 0:45:30]} Nd5
{[%clk 0:43:08]} 17. Qc2 {[%clk 0:45:52]} Rc8 {[%clk 0:41:03]} 18. e4
{[%clk 0:44:31]} Nb6 {[%clk 0:41:18]} 19. Qc3 {[%clk 0:42:38]} f6
{[%clk 0:38:53]} 20. a4 {[%clk 0:41:53]} Bc6 {[%clk 0:36:25]} 21. a5
{[%clk 0:40:05]} Nd7 {[%clk 0:33:13]} 22. d5 {[%clk 0:40:30]} exd5
{[%clk 0:33:38]} 23. exd5 {[%clk 0:40:16]} Bb5 {[%clk 0:33:39]} 24. Nd4
{[%clk 0:40:18]} Be5 {[%clk 0:33:53]} 25. f4 {[%clk 0:40:12]} Bxd4+
{[%clk 0:33:42]} 26. Qxd4 {[%clk 0:40:42]} Re8 {[%clk 0:33:54]} 27. Re1
{[%clk 0:39:20]} Rxe1+ {[%clk 0:33:39]} 28. Rxe1 {[%clk 0:39:48]} Qf8
{[%clk 0:34:00]} 29. b4 {[%clk 0:38:32]} Re8 {[%clk 0:31:08]} 30. Re6
{[%clk 0:38:52]} Qf7 {[%clk 0:30:46]} 31. g4 {[%clk 0:30:24]} Nf8
{[%clk 0:28:46]} 32. Re4 {[%clk 0:30:51]} Ng6 {[%clk 0:27:47]} 33. Kf2
{[%clk 0:28:20]} Rxe4 {[%clk 0:27:43]} 34. Qxe4 {[%clk 0:28:23]} Qe7
{[%clk 0:25:03]} 35. Ke3 {[%clk 0:27:57]} Kf7 {[%clk 0:24:42]} 36. Qe6+
{[%clk 0:26:36]} Kf8 {[%clk 0:21:21]} 37. Bc3 {[%clk 0:24:37]} Bd7
{[%clk 0:21:04]} 38. Qxe7+ {[%clk 0:25:02]} Nxe7 {[%clk 0:20:37]} 39. d6
{[%clk 0:24:21]} cxd6 {[%clk 0:20:11]} 40. Bxb7 {[%clk 0:54:50]} Bb5
{[%clk 0:49:54]} 41. Be4 {[%clk 0:50:38]} Ke8 {[%clk 0:47:29]} 42. Bxh7
{[%clk 0:47:13]} Nd5+ {[%clk 0:44:12]} 43. Kd4 {[%clk 0:47:13]} Nxf4
{[%clk 0:44:26]} 44. Bd2 {[%clk 0:47:29]} Ne6+ {[%clk 0:43:48]} 45. Ke3
{[%clk 0:46:58]} Nc7 {[%clk 0:43:23]} 46. Be4 {[%clk 0:47:02]} Ke7
{[%clk 0:42:47]} 47. h4 {[%clk 0:46:54]} Bd7 {[%clk 0:42:40]} 48. Kf3
{[%clk 0:46:45]} Kf7 {[%clk 0:39:55]} 49. h5 {[%clk 0:46:45]} Ke7
{[%clk 0:38:34]} 50. Be3 {[%clk 0:46:53]} Bb5 {[%clk 0:37:45]} 51. Bb6
{[%clk 0:46:04]} Ne6 {[%clk 0:37:30]} 52. Bd5 {[%clk 0:46:08]} Ng5+
{[%clk 0:31:09]} 53. Ke3 {[%clk 0:46:29]} Nf7 {[%clk 0:31:30]} 54. Kf4
{[%clk 0:44:53]} Be2 {[%clk 0:24:31]} 55. Be4 {[%clk 0:39:50]} Bb5
{[%clk 0:22:49]} 56. Bd4 {[%clk 0:37:22]} Ng5 {[%clk 0:21:06]} 57. Bd5
{[%clk 0:36:17]} Ne6+ {[%clk 0:20:24]} 1/2-1/2

[Event "World Chess Olympiad 2018"]
[Site "Batumi"]
[Date "2018.10.03"]
[Round "9"]
[Board "1"]
[WhiteFideId "16301188"]
[White "Bai Adelard"]
[BlackFideId "14700247"]
[Black "Khusenkhojaev Muhammad"]
[Result "0-1"]
[LiveChessVersion "1.4.8"]
[BlackElo "2430"]
[WhiteElo "2111"]

1. d4 {[%clk 1:30:32]} Nf6 {[%clk 1:30:51]} 2. c4 {[%clk 1:30:54]} g6
{[%clk 1:31:11]} 3. f3 {[%clk 1:31:19]} d5 {[%clk 1:31:27]} 4. cxd5
{[%clk 1:31:42]} Nxd5 {[%clk 1:31:50]} 5. e4 {[%clk 1:32:08]} Nb6
{[%clk 1:32:10]} 6. Nc3 {[%clk 1:32:34]} Bg7 {[%clk 1:32:31]} 7. Be3
{[%clk 1:32:59]} O-O {[%clk 1:32:47]} 8. Qd2 {[%clk 1:33:24]} e5 {[%clk 1:33:03]}
9. d5 {[%clk 1:33:46]} c6 {[%clk 1:33:22]} 10. Rd1 {[%clk 1:34:11]} cxd5
{[%clk 1:33:17]} 11. exd5 {[%clk 1:34:33]} Na6 {[%clk 1:30:37]} 12. Bg5
{[%clk 1:29:33]} f6 {[%clk 1:27:49]} 13. Be3 {[%clk 1:29:49]} f5 {[%clk 1:23:43]}
14. h4 {[%clk 1:26:12]} f4 {[%clk 1:19:12]} 15. Bf2 {[%clk 1:26:01]} Bf5
{[%clk 1:19:27]} 16. Ne4 {[%clk 1:19:52]} Rc8 {[%clk 1:11:49]} 17. b3
{[%clk 1:15:00]} Qd7 {[%clk 1:05:59]} 18. h5 {[%clk 1:07:09]} Nc7
{[%clk 1:03:13]} 19. Bc4 {[%clk 1:03:37]} Nxc4 {[%clk 0:55:55]} 20. bxc4
{[%clk 1:03:56]} b6 {[%clk 0:55:30]} 21. hxg6 {[%clk 1:00:03]} Bxg6
{[%clk 0:51:49]} 22. Ne2 {[%clk 0:47:30]} Ne8 {[%clk 0:51:24]} 23. c5
{[%clk 0:42:50]} Bxe4 {[%clk 0:50:48]} 24. fxe4 {[%clk 0:43:13]} bxc5
{[%clk 0:51:10]} 25. Nc3 {[%clk 0:43:23]} Rf6 {[%clk 0:46:41]} 26. Qe2
{[%clk 0:41:53]} Rg6 {[%clk 0:46:44]} 27. Qf3 {[%clk 0:40:09]} Nf6
{[%clk 0:43:57]} 28. Rb1 {[%clk 0:38:00]} Bf8 {[%clk 0:41:54]} 29. Rb5
{[%clk 0:35:38]} Ng4 {[%clk 0:39:15]} 30. Kd2 {[%clk 0:28:11]} Nxf2
{[%clk 0:36:29]} 31. Qxf2 {[%clk 0:28:34]} Rg3 {[%clk 0:36:46]} 32. Rb2
{[%clk 0:28:24]} c4 {[%clk 0:36:28]} 33. Rh3 {[%clk 0:28:04]} Rxh3
{[%clk 0:36:28]} 34. gxh3 {[%clk 0:28:28]} Qxh3 {[%clk 0:36:52]} 35. Qe2
{[%clk 0:24:42]} f3 {[%clk 0:36:33]} 36. Qe1 {[%clk 0:23:11]} f2 {[%clk 0:26:07]}
37. Qxf2 {[%clk 0:23:30]} Qd3+ {[%clk 0:25:13]} 38. Kc1 {[%clk 0:23:39]} Bh6+
{[%clk 0:25:22]} 0-1